00346nam a2200121Ia 4500008004100000040001700041041001200058082001700070100002700087245005900114260004000173300001100213230917s9999||||xx |||||||||||||| ||und|| e129461aMAIN aEnglish a361.603 S64E aSingh, Ravindra Prasad 0aEncyclopaedia of social welfare and administration. 2V aNew DelhibAnmol Publicationsc2009 a730 p.